<?xml version="1.0" encoding="UTF-8"?>
<record
    xmlns:xsi="http://www.w3.org/2001/XMLSchema-instance"
    xsi:schemaLocation="http://www.loc.gov/MARC21/slim http://www.loc.gov/standards/marcxml/schema/MARC21slim.xsd"
    xmlns="http://www.loc.gov/MARC21/slim">

  <leader>01425nam a22002417a 4500</leader>
  <controlfield tag="008">171104s2002        it||||| |||| 00| 0 eng d</controlfield>
  <datafield tag="020" ind1=" " ind2=" ">
    <subfield code="a">0971341109</subfield>
  </datafield>
  <datafield tag="082" ind1="0" ind2="4">
    <subfield code="a">708</subfield>
    <subfield code="b">P796r</subfield>
  </datafield>
  <datafield tag="100" ind1="1" ind2=" ">
    <subfield code="a">Franzen, Elizabeth.</subfield>
    <subfield code="9">6098</subfield>
  </datafield>
  <datafield tag="245" ind1="1" ind2="0">
    <subfield code="a">Rona Pondick :</subfield>
    <subfield code="b">works 1986-2001 /</subfield>
    <subfield code="c">edici&#xF3;n por Elizabeth  Franzen.</subfield>
  </datafield>
  <datafield tag="250" ind1=" " ind2=" ">
    <subfield code="a">1a edici&#xF3;n.</subfield>
  </datafield>
  <datafield tag="260" ind1=" " ind2=" ">
    <subfield code="a">Italia : </subfield>
    <subfield code="b">Sonnabend Press,</subfield>
    <subfield code="c">2002.</subfield>
  </datafield>
  <datafield tag="300" ind1=" " ind2=" ">
    <subfield code="a">158 p&#xE1;ginas :</subfield>
    <subfield code="b">ilustraciones en color.</subfield>
  </datafield>
  <datafield tag="500" ind1=" " ind2=" ">
    <subfield code="a">Cat&#xE1;logo publicado con motivo a la exposici&#xF3;n itinerante "Rona Pondick's lastest body of work", presentada en: -Galerie Thaddaeus Ropac en Par&#xED;s, Francia -Sannabend Gallery, en Nueva York, Estados Unidos -Galleria d'Arte Moderna Bologna, en Italia -DeCordoba Museum, en Massachusetts, Estados Unidos -Groninger Museum, en Groningen, Nueva Zelanda.</subfield>
  </datafield>
  <datafield tag="505" ind1="0" ind2=" ">
    <subfield code="t">Introduction: beyond the order of things / Introduction: Au-del&#xE0; de L'ordre des choses</subfield>
    <subfield code="r">Sue-An Van Der Zijpp.</subfield>
    <subfield code="t">Considerations about the work of Rona Pondick / &#xC0; propos de Ronas Pondick</subfield>
    <subfield code="r">Peter Weiermair.</subfield>
    <subfield code="t">The metamorphosis of an object maker: an interview with Rona Pondick / La m&#xE9;tamorphose d'une fabricante d'objets: un entretien avec Rona Pondick</subfield>
    <subfield code="r">Octavio Zaya.</subfield>
  </datafield>
  <datafield tag="653" ind1="1" ind2="0">
    <subfield code="a">Arte contempor&#xE1;neo</subfield>
  </datafield>
  <datafield tag="653" ind1="1" ind2="0">
    <subfield code="a">Cat&#xE1;logo de exhibici&#xF3;n</subfield>
  </datafield>
  <datafield tag="653" ind1="1" ind2="0">
    <subfield code="a">Exhibiciones itinerantes</subfield>
  </datafield>
  <datafield tag="653" ind1="1" ind2="0">
    <subfield code="a">Arte - Estados Unidos</subfield>
  </datafield>
  <datafield tag="653" ind1="1" ind2="0">
    <subfield code="a">Biograf&#xED;a art&#xED;sticas</subfield>
  </datafield>
  <datafield tag="653" ind1="1" ind2="0">
    <subfield code="a">Escultura</subfield>
  </datafield>
  <datafield tag="653" ind1="1" ind2="0">
    <subfield code="a">Instalaci&#xF3;n</subfield>
  </datafield>
  <datafield tag="999" ind1=" " ind2=" ">
    <subfield code="c">1360</subfield>
    <subfield code="d">1360</subfield>
  </datafield>
  <datafield tag="952" ind1=" " ind2=" ">
    <subfield code="0">0</subfield>
    <subfield code="1">0</subfield>
    <subfield code="2">ddc</subfield>
    <subfield code="4">0</subfield>
    <subfield code="7">0</subfield>
    <subfield code="a">LV</subfield>
    <subfield code="b">LV</subfield>
    <subfield code="c">Monograf&#xED;as</subfield>
    <subfield code="d">2017-11-04</subfield>
    <subfield code="l">0</subfield>
    <subfield code="o">708 P796r</subfield>
    <subfield code="p">004500</subfield>
    <subfield code="r">2017-11-04 00:00:00</subfield>
    <subfield code="w">2017-11-04</subfield>
    <subfield code="y">01</subfield>
  </datafield>
</record>
